• 首页
  • 本馆介绍
  • 公告通知
  • 最新文献
  • 馆藏检索
  • 电子资源
  • 读者导购
  • 参考咨询
  • 我的图书馆
  • 登录
  • 详细信息显示
  • 放入我的书架
  • 预约/预借图书
  • 作者相关作品
  • 分类相关作品
  • 丛书相关作品
  • 出版社相关作品

书目信息

  • 表格格式
  • 工作单格式
  • 卡片格式
题名:
体育心理学实验指导
    
 
作者: 董惠娟 编
分册:  
出版信息: 唐山   唐山师专教育学院教育理论教研室  
页数: 54页
开本: 20cm
丛书名:
单 册:
中图分类: G804.8
科图分类: 39.912
主题词: 体育心理学--实验--师范大学--教学参考资料
电子资源:
ISBN:
000 00601nam0 2200205 45
001 0193028544
005 20070618094025.31
100    @a19800101d1993 em y0chiy0121 ea
101 0  @achi
102    @aCN
105    @ay z 000yy
200 10 @a体育心理学实验指导@Ati yu xin li xue shi yan zhi dao@f董惠娟编@Fdong hui juan bian
210    @a唐山@c唐山师专教育学院教育理论教研室
215    @a54页@d20cm
606    @a体育心理学@x实验@x师范大学@x教学参考资料
690    @aG804.8@v三版
692    @a39.912
701  0 @a董惠娟@Adong hui juan@4编
801  0 @aCN@bTSSF@c20070618
905    @a10447@dG804.8@e750
    
    体育心理学实验指导/董惠娟编.-唐山:唐山师专教育学院教育理论教研室
    54页;20cm
    
    
    ISBN :
    
●
相关链接 在E读中查询图书 在五车中查询图书 在当当中查询图书 在豆瓣中查询图书


正题名:体育心理学实验指导     索取号:G804.8/750         预约/预借

序号 登录号 条形码 馆藏地/架位号 状态 备注
1 0653134   206531341   第一样本阅览室/ [索取号:G804.8/750] 在馆    
2 0653135   206531350   密集书库/ [索取号:G804.8/750] 在馆    
3 0653136   206531369   密集书库/ [索取号:G804.8/750] 在馆    
4 0653137   206531378   密集书库/ [索取号:G804.8/750] 在馆    
唐山师范学院图书馆 欢迎您!
大连网信软件有限公司© 版权所有